00565nam a2200145 a 450000100100000000500170001000800410002702000180006804000250008624500870011126001070019830000530030550000270035870000340038500003935320201002031617.0130625s2007 mx abcd 000 0 spa d a9789688178522 aDO-SdBNPbspacBNPHU00aEstadística del agua en México /cpresentación José Luís Lueges Tamargo. aMéxico :bComisión Nacional del Agua:bSecretaría de Medio Ambiente y Recursos Naturales,c2007. a259 p. :bil., gráf. , mapas, retr., ;c30 cm. aSegunada reimpresión1 aLueges Tamargo, José Luís